000 00658nam a2200277Ia 4500
005 20260324143241.0
008 008 260324s9999 xx 000 0 eng d
020 _a9781315800417
037 _aEBOOK
040 _aCRL
040 _beng
040 _cCRL
041 _2eng
041 _aeng
084 _qCRL
100 _aM. Forsgren; J. Johanson
_91214957
245 0 _aManaging Networks in International Business
260 _bTaylor and Francis
260 _c1992
365 _a
365 _b80.99
856 _uhttp://www.taylorfrancis.com/books/9781315800417
942 _cEBOOK
999 _c1820106
_d1820106